[Event "DVM U20 2021"]
[Site "Kiel GER"]
[Date "2022.07.25"]
[Round "5"]
[White "Wübker, Paul-Luca"]
[Black "Engel, Luis"]
[Result "0-1"]
[Termination "normal"]
[Board "1.1"]
[BlackTitle "GM"]
[WhiteElo "2157"]
[BlackElo "2558"]
[WhiteClock "00:30:03"]
[BlackClock "00:40:38"]
[WhiteTeam "Schachgesellschaft Bochum 1931"]
[BlackTeam "Hamburger SK von 1830 eV"]
[PlyCount "86"]
[WhiteFideId "12939528"]
[BlackFideId "12961523"]
[EventCountry "GER"]
[EventRounds "7"]
[EventType "team-swiss"]
[EventDate "2022.07.22"]

1. d4 {[%clk 01:30:57]} {[%emt 00:00:02]} d5 {[%clk 01:30:56]} {[%emt
00:00:04]} 2. c4 {[%clk 01:31:22]} {[%emt 00:00:05]} e6 {[%clk 01:31:23]}
{[%emt 00:00:03]} 3. Nc3 {[%clk 01:31:48]} {[%emt 00:00:05]} Bb4 {[%clk
01:31:49]} {[%emt 00:00:04]} 4. Nf3 {[%clk 01:32:13]} {[%emt 00:00:05]} dxc4
{[%clk 01:32:13]} {[%emt 00:00:05]} 5. e3 {[%clk 01:30:26]} {[%emt 00:02:17]}
b5 {[%clk 01:32:39]} {[%emt 00:00:04]} 6. a4 {[%clk 01:28:20]} {[%emt
00:02:37]} c6 {[%clk 01:33:04]} {[%emt 00:00:04]} 7. Bd2 {[%clk 01:26:49]}
{[%emt 00:02:01]} a5 {[%clk 01:33:21]} {[%emt 00:00:13]} 8. axb5 {[%clk
01:27:05]} {[%emt 00:00:15]} Bxc3 {[%clk 01:33:45]} {[%emt 00:00:05]} 9. Bxc3
{[%clk 01:27:28]} {[%emt 00:00:07]} cxb5 {[%clk 01:34:11]} {[%emt 00:00:04]}
10. b3 {[%clk 01:27:41]} {[%emt 00:00:17]} Bb7 {[%clk 01:34:37]} {[%emt
00:00:05]} 11. bxc4 {[%clk 01:28:05]} {[%emt 00:00:06]} b4 {[%clk 01:35:03]}
{[%emt 00:00:04]} 12. Bb2 {[%clk 01:28:24]} {[%emt 00:00:10]} Nf6 {[%clk
01:35:27]} {[%emt 00:00:05]} 13. Bd3 {[%clk 01:28:49]} {[%emt 00:00:06]} O-O
{[%clk 01:35:51]} {[%emt 00:00:06]} 14. O-O {[%clk 01:29:16]} {[%emt 00:00:03]}
Nbd7 {[%clk 01:36:17]} {[%emt 00:00:05]} 15. Nd2 {[%clk 01:29:32]} {[%emt
00:00:14]} Qc7 {[%clk 01:36:24]} {[%emt 00:00:23]} 16. f3 {[%clk 01:29:54]}
{[%emt 00:00:08]} Rfe8 {[%clk 01:27:33]} {[%emt 00:09:20]} 17. Rf2 {[%clk
01:12:07]} {[%emt 00:18:18]} e5 {[%clk 01:19:37]} {[%emt 00:08:26]} 18. Nf1
{[%clk 01:10:32]} {[%emt 00:02:05]} e4 {[%clk 01:04:22]} {[%emt 00:15:44]} 19.
fxe4 {[%clk 01:09:22]} {[%emt 00:01:40]} Bxe4 {[%clk 01:04:45]} {[%emt
00:00:07]} 20. Be2 {[%clk 00:50:18]} {[%emt 00:19:34]} Bg6 {[%clk 00:59:17]}
{[%emt 00:05:58]} 21. d5 {[%clk 00:36:34]} {[%emt 00:14:15]} Ne4 {[%clk
00:55:36]} {[%emt 00:04:10]} 22. Rf4 {[%clk 00:36:50]} {[%emt 00:00:14]} Ndc5
{[%clk 00:44:09]} {[%emt 00:11:57]} 23. Qe1 {[%clk 00:29:41]} {[%emt 00:07:39]}
Reb8 {[%clk 00:38:24]} {[%emt 00:06:15]} 24. h4 {[%clk 00:29:50]} {[%emt
00:00:21]} h6 {[%clk 00:36:52]} {[%emt 00:02:02]} 25. h5 {[%clk 00:29:27]}
{[%emt 00:00:52]} Bh7 {[%clk 00:37:18]} {[%emt 00:00:05]} 26. Ng3 {[%clk
00:29:33]} {[%emt 00:00:24]} Ng5 {[%clk 00:27:33]} {[%emt 00:10:15]} 27. Rd1
{[%clk 00:21:44]} {[%emt 00:08:19]} a4 {[%clk 00:23:38]} {[%emt 00:04:25]} 28.
Nf5 {[%clk 00:20:18]} {[%emt 00:01:56]} Bxf5 {[%clk 00:21:40]} {[%emt
00:02:28]} 29. Rxf5 {[%clk 00:20:41]} {[%emt 00:00:07]} f6 {[%clk 00:19:23]}
{[%emt 00:02:48]} 30. d6 {[%clk 00:20:39]} {[%emt 00:00:31]} Qc6 {[%clk
00:19:24]} {[%emt 00:00:29]} 31. Rxg5 {[%clk 00:16:50]} {[%emt 00:04:19]} hxg5
{[%clk 00:19:17]} {[%emt 00:00:37]} 32. Bf3 {[%clk 00:17:09]} {[%emt 00:00:11]}
Ne4 {[%clk 00:18:34]} {[%emt 00:01:13]} 33. Rd4 {[%clk 00:16:54]} {[%emt
00:00:45]} f5 {[%clk 00:18:44]} {[%emt 00:00:20]} 34. d7 {[%clk 00:11:25]}
{[%emt 00:05:58]} a3 {[%clk 00:18:39]} {[%emt 00:00:36]} 35. Ba1 {[%clk
00:11:50]} {[%emt 00:00:05]} b3 {[%clk 00:17:46]} {[%emt 00:01:22]} 36. Bxe4
{[%clk 00:12:12]} {[%emt 00:00:08]} fxe4 {[%clk 00:17:53]} {[%emt 00:00:23]}
37. Bc3 {[%clk 00:12:00]} {[%emt 00:00:42]} b2 {[%clk 00:17:24]} {[%emt
00:00:59]} 38. Rd5 {[%clk 00:09:56]} {[%emt 00:02:35]} b1=Q {[%clk 00:12:59]}
{[%emt 00:04:54]} 39. d8=Q+ {[%clk 00:10:11]} {[%emt 00:00:15]} Rxd8 {[%clk
00:13:25]} {[%emt 00:00:06]} 40. Rxd8+ {[%clk 00:10:20]} {[%emt 00:00:21]} Rxd8
{[%clk 00:13:49]} {[%emt 00:00:05]} 41. Qxb1 {[%clk 00:10:41]} {[%emt
00:00:09]} Qxc4 {[%clk 00:13:36]} {[%emt 00:00:43]} 42. Be5 {[%clk 00:03:09]}
{[%emt 00:08:02]} a2 {[%clk 00:12:04]} {[%emt 00:02:02]} 43. Qb7 {[%clk
00:30:03]} {[%emt 00:03:36]} Qf7 {[%clk 00:40:38]} {[%emt 00:01:56]} 0-1

[Event "DVM U20 2021"]
[Site "Kiel GER"]
[Date "2022.07.25"]
[Round "5"]
[White "Woelk, Tom-Frederic"]
[Black "Biermann, Lenhard"]
[Result "1-0"]
[Termination "normal"]
[Board "1.2"]
[WhiteTitle "FM"]
[WhiteElo "2314"]
[BlackElo "2078"]
[WhiteClock "00:14:14"]
[BlackClock "00:05:25"]
[WhiteTeam "Hamburger SK von 1830 eV"]
[BlackTeam "Schachgesellschaft Bochum 1931"]
[PlyCount "109"]
[WhiteFideId "12993077"]
[BlackFideId "12970077"]
[EventCountry "GER"]
[EventRounds "7"]
[EventType "team-swiss"]
[EventDate "2022.07.22"]

1. e4 {[%clk 01:30:56]} {[%emt 00:00:02]} e6 {[%clk 01:31:24]} 2. d4 {[%clk
01:31:23]} d5 {[%clk 01:31:51]} 3. Nc3 {[%clk 01:31:50]} Bb4 {[%clk 01:32:18]}
4. e5 {[%clk 01:32:11]} b6 {[%clk 01:31:47]} 5. Qg4 {[%clk 01:32:38]} Bf8
{[%clk 01:24:27]} 6. Bg5 {[%clk 01:32:46]} Qd7 {[%clk 01:20:33]} 7. f4 {[%clk
01:20:47]} Nc6 {[%clk 01:16:33]} 8. Nf3 {[%clk 01:16:39]} Bb7 {[%clk 01:05:03]}
9. Be2 {[%clk 01:11:31]} f6 {[%clk 01:03:05]} 10. exf6 {[%clk 01:10:54]} gxf6
{[%clk 01:02:46]} 11. Bh4 {[%clk 01:10:38]} O-O-O {[%clk 01:02:00]} 12. O-O
{[%clk 00:54:11]} Bg7 {[%clk 00:45:56]} 13. Bb5 {[%clk 00:43:07]} Nh6 {[%clk
00:45:09]} 14. Qh3 {[%clk 00:42:14]} Nf5 {[%clk 00:43:14]} 15. Bf2 {[%clk
00:40:37]} Nd6 {[%clk 00:39:41]} 16. Ba4 {[%clk 00:36:58]} a6 {[%clk 00:36:50]}
17. Rfe1 {[%clk 00:34:07]} b5 {[%clk 00:36:38]} 18. Bb3 {[%clk 00:34:01]} Rde8
{[%clk 00:35:42]} 19. Re2 {[%clk 00:24:16]} a5 {[%clk 00:26:18]} 20. f5 {[%clk
00:21:51]} Nxf5 {[%clk 00:26:29]} 21. Nxb5 {[%clk 00:18:02]} Nb4 {[%clk
00:23:25]} 22. Nc3 {[%clk 00:17:26]} Ba6 {[%clk 00:22:56]} 23. Ree1 {[%clk
00:13:40]} h5 {[%clk 00:19:11]} 24. Ba4 {[%clk 00:13:41]} Qd6 {[%clk 00:15:36]}
25. Bxe8 {[%clk 00:13:48]} Rxe8 {[%clk 00:15:01]} 26. Qxh5 {[%clk 00:12:12]}
Qd7 {[%clk 00:08:55]} 27. Rac1 {[%clk 00:11:53]} Bh6 {[%clk 00:09:12]} 28. a3
{[%clk 00:11:21]} Bxc1 {[%clk 00:07:30]} 29. Rxc1 {[%clk 00:11:12]} Nc6 {[%clk
00:04:59]} 30. Na4 {[%clk 00:04:19]} Rg8 {[%clk 00:01:00]} 31. Qh3 {[%clk
00:01:01]} Qg7 {[%clk 00:00:52]} 32. Nc5 {[%clk 00:00:48]} Rh8 {[%clk
00:01:19]} 33. Nh4 {[%clk 00:00:45]} Ncxd4 {[%clk 00:01:03]} 34. Nxe6 {[%clk
00:00:37]} Nxe6 {[%clk 00:01:27]} 35. Qxf5 {[%clk 00:00:37]} Qd7 {[%clk
00:01:40]} 36. Re1 {[%clk 00:00:34]} Re8 {[%clk 00:01:31]} 37. Qxf6 {[%clk
00:00:38]} Bb7 {[%clk 00:01:18]} 38. c3 {[%clk 00:00:37]} Kb8 {[%clk 00:01:39]}
39. h3 {[%clk 00:00:36]} Qc6 {[%clk 00:01:05]} 40. Nf3 {[%clk 00:00:36]} Bc8
{[%clk 00:27:27]} 41. Nd4 {[%clk 00:27:41]} Nxd4 {[%clk 00:27:51]} 42. Qxd4
{[%clk 00:27:47]} Bb7 {[%clk 00:26:45]} 43. Rxe8+ {[%clk 00:28:15]} Qxe8 {[%clk
00:20:20]} 44. Qa7+ {[%clk 00:28:43]} Kc8 {[%clk 00:20:34]} 45. Qxa5 {[%clk
00:21:02]} Qg6 {[%clk 00:08:19]} 46. Bd4 {[%clk 00:18:06]} Ba6 {[%clk
00:07:51]} 47. Be5 {[%clk 00:16:05]} Qc6 {[%clk 00:05:07]} 48. Bxc7 {[%clk
00:16:29]} Bb7 {[%clk 00:05:29]} 49. Bf4 {[%clk 00:15:26]} d4 {[%clk 00:05:55]}
50. Qf5+ {[%clk 00:15:43]} Kd8 {[%clk 00:06:22]} 51. Qg5+ {[%clk 00:14:25]} Ke8
{[%clk 00:06:21]} 52. Qg8+ {[%clk 00:14:30]} Kd7 {[%clk 00:05:37]} 53. cxd4
{[%clk 00:14:35]} Qe4 {[%clk 00:05:01]} 54. Qf7+ {[%clk 00:14:14]} Kc6 {[%clk
00:05:25]} 55. Qf6+ 1-0

[Event "DVM U20 2021"]
[Site "Kiel GER"]
[Date "2022.07.25"]
[Round "5"]
[White "Biermann, Florian"]
[Black "Holinka, Henning"]
[Result "1/2-1/2"]
[Termination "normal"]
[Board "1.3"]
[WhiteElo "2100"]
[BlackElo "2251"]
[WhiteTeam "Schachgesellschaft Bochum 1931"]
[BlackTeam "Hamburger SK von 1830 eV"]
[WhiteFideId "12970069"]
[BlackFideId "12967084"]
[EventCountry "GER"]
[EventRounds "7"]
[EventType "team-swiss"]
[EventDate "2022.07.22"]

1. c4 e5 2. g3 Nf6 3. Bg2 c6 4. Nf3 e4 5. Nd4 d5 6. d3 exd3 7. Qxd3 Bb4+ 8. Bd2
Bxd2+ 9. Nxd2 O-O 10. O-O Na6 11. Rfd1 c5 12. Nc2 Be6 13. cxd5 Bxd5 14. Bxd5
Qxd5 15. Qxd5 Nxd5 16. Nc4 Ndb4 17. Nxb4 Nxb4 18. Rd7 b5 19. Nd6 a6 20. a4 bxa4
21. Rxa4 Rfd8 22. Rxd8+ Rxd8 23. Nb7 Rd1+ 24. Kg2 Rb1 25. Nxc5 Rxb2 26. Nxa6
Nxa6 27. Rxa6 g6 28. Kf3 Kg7 29. g4 Rb5 30. h4 h5 31. g5 Rf5+ 32. Kg3 Re5 33.
e3 Re4 34. Ra1 Rg4+ 35. Kh3 Re4 36. Re1 Kf8 37. f3 Rb4 38. e4 Rb3 39. Kg3 Ra3
40. Rb1 Re3 41. Kf4 Ra3 42. Rb6 Ra1 43. Rb8+ Kg7 44. Rb3 Rh1 45. Kg3 Rg1+ 46.
Kh2 Re1 47. Rb4 Re3 48. Kg2 Re2+ 49. Kg3 Ra2 50. e5 Ra6 51. Rd4 Ra5 52. Re4 Ra6
53. Kf4 Kf8 54. Rc4 Ke7 55. Ke4 Ra1 56. Rc7+ Ke6 57. Rc6+ Ke7 58. Rf6 Ra4+ 59.
Ke3 Rxh4 60. e6 fxe6 61. Rxg6 Ra4 62. Rg7+ Kf8 63. Rh7 h4 64. f4 Kg8 65. Rxh4
e5 66. Rh6 0,5-0,5

[Event "DVM U20 2021"]
[Site "Kiel GER"]
[Date "2022.07.25"]
[Round "5"]
[White "Kotyk, Michael"]
[Black "Prieb, Robert"]
[Result "1/2-1/2"]
[Termination "normal"]
[Board "1.4"]
[BlackTitle "CM"]
[WhiteElo "2112"]
[BlackElo "2111"]
[WhiteClock "00:08:00"]
[BlackClock "00:11:53"]
[WhiteTeam "Hamburger SK von 1830 eV"]
[BlackTeam "Schachgesellschaft Bochum 1931"]
[PlyCount "118"]
[WhiteFideId "16214501"]
[BlackFideId "16212002"]
[EventCountry "GER"]
[EventRounds "7"]
[EventType "team-swiss"]
[EventDate "2022.07.22"]

1. Nf3 {[%clk 01:30:46]} {[%emt 00:00:03]} Nf6 {[%clk 01:31:18]} 2. c4 {[%clk
01:30:22]} g6 {[%clk 01:31:42]} 3. Nc3 {[%clk 01:24:35]} c5 {[%clk 01:28:18]}
4. g3 {[%clk 01:20:31]} b6 {[%clk 01:19:15]} 5. Bg2 {[%clk 01:20:30]} Bb7
{[%clk 01:16:57]} 6. d4 {[%clk 01:17:34]} cxd4 {[%clk 01:16:21]} 7. Qxd4 {[%clk
01:17:00]} Bg7 {[%clk 01:15:07]} 8. O-O {[%clk 01:16:41]} O-O {[%clk 01:11:41]}
9. Qh4 {[%clk 01:10:17]} Qc8 {[%clk 01:09:25]} 10. Rd1 {[%clk 01:09:30]} d6
{[%clk 01:06:55]} 11. Bg5 {[%clk 01:07:23]} Nbd7 {[%clk 01:02:18]} 12. Rac1
{[%clk 01:03:41]} Re8 {[%clk 00:55:46]} 13. Nd5 {[%clk 01:00:08]} Bxd5 {[%clk
00:54:15]} 14. cxd5 {[%clk 01:00:04]} Qa6 {[%clk 00:48:18]} 15. Qc4 {[%clk
00:57:37]} Qxc4 {[%clk 00:48:47]} 16. Rxc4 {[%clk 00:57:22]} Rac8 {[%clk
00:42:44]} 17. Rxc8 {[%clk 00:57:41]} Rxc8 {[%clk 00:43:10]} 18. Nd4 {[%clk
00:53:13]} Ne5 {[%clk 00:21:04]} 19. Rc1 {[%clk 00:48:57]} Rxc1+ {[%clk
00:21:32]} 20. Bxc1 {[%clk 00:48:46]} Kf8 {[%clk 00:17:21]} 21. f4 {[%clk
00:47:11]} Ned7 {[%clk 00:17:01]} 22. Nc6 {[%clk 00:46:23]} a5 {[%clk
00:14:02]} 23. b3 {[%clk 00:44:46]} Nc5 {[%clk 00:09:29]} 24. Be3 {[%clk
00:41:55]} Nfd7 {[%clk 00:09:04]} 25. Kf2 {[%clk 00:39:24]} Bc3 {[%clk
00:06:52]} 26. h3 {[%clk 00:36:39]} Ke8 {[%clk 00:03:19]} 27. g4 {[%clk
00:34:29]} e6 {[%clk 00:01:25]} 28. Bd4 {[%clk 00:32:20]} Bxd4+ {[%clk
00:01:54]} 29. Nxd4 {[%clk 00:32:07]} Nf6 {[%clk 00:01:09]} 30. Nb5 {[%clk
00:24:56]} Kd7 {[%clk 00:01:38]} 31. Nc3 {[%clk 00:23:40]} e5 {[%clk 00:01:50]}
32. fxe5 {[%clk 00:24:07]} dxe5 {[%clk 00:01:33]} 33. e4 {[%clk 00:20:52]} Nd3+
{[%clk 00:02:03]} 34. Ke3 {[%clk 00:20:58]} Ne1 {[%clk 00:01:46]} 35. Bf1
{[%clk 00:21:15]} Nc2+ {[%clk 00:01:18]} 36. Kd3 {[%clk 00:21:25]} Nd4 {[%clk
00:01:02]} 37. Kc4 {[%clk 00:21:22]} Ne8 {[%clk 00:00:35]} 38. Nb5 {[%clk
00:21:03]} Nd6+ {[%clk 00:01:04]} 39. Nxd6 {[%clk 00:21:24]} Kxd6 {[%clk
00:00:33]} 40. a4 {[%clk 00:16:33]} h6 {[%clk 00:28:39]} 41. Bd3 {[%clk
00:45:21]} f6 {[%clk 00:24:48]} 42. Bf1 {[%clk 00:22:10]} Kd7 {[%clk 00:24:16]}
43. Bd3 {[%clk 00:22:26]} Kc7 {[%clk 00:22:02]} 44. Bf1 {[%clk 00:18:34]} Nf3
{[%clk 00:21:23]} 45. Bd3 {[%clk 00:13:36]} Ng5 {[%clk 00:20:45]} 46. h4 {[%clk
00:13:44]} Nf3 {[%clk 00:17:12]} 47. Kb5 {[%clk 00:12:48]} Nd4+ {[%clk
00:17:41]} 48. Kc4 {[%clk 00:12:51]} Kd7 {[%clk 00:15:34]} 49. Bf1 {[%clk
00:13:02]} Kd6 {[%clk 00:14:22]} 50. h5 {[%clk 00:12:07]} g5 {[%clk 00:14:10]}
51. Bd3 {[%clk 00:12:21]} Kc7 {[%clk 00:13:30]} 52. Bf1 {[%clk 00:11:41]} Nf3
{[%clk 00:13:38]} 53. Bd3 {[%clk 00:09:52]} Ne1 {[%clk 00:11:50]} 54. Be2
{[%clk 00:10:06]} Nc2 {[%clk 00:11:29]} 55. Kc3 {[%clk 00:09:36]} Nd4 {[%clk
00:11:39]} 56. Bd3 {[%clk 00:09:08]} Nf3 {[%clk 00:11:20]} 57. Be2 {[%clk
00:08:33]} Nd4 {[%clk 00:11:49]} 58. Bf1 {[%clk 00:08:34]} Kd6 {[%clk
00:11:53]} 59. Kc4 {[%clk 00:08:00]} Kc7 1/2-1/2

[Event "DVM U20 2021"]
[Site "Kiel GER"]
[Date "2022.07.25"]
[Round "5"]
[White "Gluma, Christian"]
[Black "Meyling, Lennart"]
[Result "1-0"]
[Termination "normal"]
[Board "1.5"]
[WhiteElo "2044"]
[BlackElo "2097"]
[WhiteClock "00:08:19"]
[BlackClock "00:20:40"]
[WhiteTeam "Schachgesellschaft Bochum 1931"]
[BlackTeam "Hamburger SK von 1830 eV"]
[PlyCount "61"]
[WhiteFideId "16223209"]
[BlackFideId "12947130"]
[EventCountry "GER"]
[EventRounds "7"]
[EventType "team-swiss"]
[EventDate "2022.07.22"]

1. e4 {[%clk 01:30:56]} {[%emt 00:00:04]} c5 {[%clk 01:30:55]} {[%emt
00:00:05]} 2. Nf3 {[%clk 01:31:17]} {[%emt 00:00:08]} d6 {[%clk 01:31:19]}
{[%emt 00:00:06]} 3. d4 {[%clk 01:31:41]} {[%emt 00:00:07]} cxd4 {[%clk
01:31:44]} {[%emt 00:00:05]} 4. Nxd4 {[%clk 01:32:07]} {[%emt 00:00:05]} Nf6
{[%clk 01:32:08]} {[%emt 00:00:06]} 5. Nc3 {[%clk 01:32:27]} {[%emt 00:00:09]}
a6 {[%clk 01:32:34]} {[%emt 00:00:05]} 6. Be3 {[%clk 01:32:07]} {[%emt
00:00:49]} e5 {[%clk 01:32:54]} {[%emt 00:00:10]} 7. Nb3 {[%clk 01:32:26]}
{[%emt 00:00:12]} Be7 {[%clk 01:33:13]} {[%emt 00:00:10]} 8. f3 {[%clk
01:32:37]} {[%emt 00:00:19]} Be6 {[%clk 01:33:23]} {[%emt 00:00:20]} 9. Qd2
{[%clk 01:32:37]} {[%emt 00:00:30]} h5 {[%clk 01:33:13]} {[%emt 00:00:40]} 10.
Be2 {[%clk 01:26:01]} {[%emt 00:07:06]} Nc6 {[%clk 01:24:54]} {[%emt 00:08:49]}
11. Bg5 {[%clk 01:19:22]} {[%emt 00:07:09]} b5 {[%clk 01:21:30]} {[%emt
00:03:55]} 12. Rd1 {[%clk 01:09:47]} {[%emt 00:10:05]} Qb6 {[%clk 00:56:07]}
{[%emt 00:25:52]} 13. Be3 {[%clk 01:00:37]} {[%emt 00:09:39]} Qb7 {[%clk
00:51:21]} {[%emt 00:05:17]} 14. O-O {[%clk 00:55:07]} {[%emt 00:05:59]} O-O
{[%clk 00:48:54]} {[%emt 00:02:57]} 15. Qe1 {[%clk 00:39:57]} {[%emt 00:15:40]}
Nb4 {[%clk 00:47:29]} {[%emt 00:01:56]} 16. Bd3 {[%clk 00:35:32]} {[%emt
00:04:54]} d5 {[%clk 00:43:52]} {[%emt 00:04:08]} 17. exd5 {[%clk 00:30:57]}
{[%emt 00:05:05]} Nbxd5 {[%clk 00:42:25]} {[%emt 00:01:57]} 18. Nxd5 {[%clk
00:30:39]} {[%emt 00:00:48]} Bxd5 {[%clk 00:41:43]} {[%emt 00:01:11]} 19. Qg3
{[%clk 00:26:49]} {[%emt 00:04:20]} e4 {[%clk 00:39:36]} {[%emt 00:02:38]} 20.
fxe4 {[%clk 00:22:39]} {[%emt 00:04:40]} Nxe4 {[%clk 00:37:09]} {[%emt
00:02:57]} 21. Qe5 {[%clk 00:18:54]} {[%emt 00:04:15]} Bf6 {[%clk 00:22:53]}
{[%emt 00:14:47]} 22. Qxh5 {[%clk 00:14:43]} {[%emt 00:04:40]} g6 {[%clk
00:23:17]} {[%emt 00:00:06]} 23. Qg4 {[%clk 00:11:31]} {[%emt 00:03:42]} Bg7
{[%clk 00:20:57]} {[%emt 00:02:49]} 24. Bxe4 {[%clk 00:10:32]} {[%emt
00:01:30]} Bxe4 {[%clk 00:21:04]} {[%emt 00:00:24]} 25. Nc5 {[%clk 00:09:57]}
{[%emt 00:01:04]} Bf5 {[%clk 00:21:25]} {[%emt 00:00:08]} 26. Qxf5 {[%clk
00:10:14]} {[%emt 00:00:13]} Qe7 {[%clk 00:20:35]} {[%emt 00:01:21]} 27. Qf3
{[%clk 00:09:34]} {[%emt 00:01:10]} Rfe8 {[%clk 00:19:58]} {[%emt 00:01:07]}
28. Bf2 {[%clk 00:08:42]} {[%emt 00:01:22]} Bxb2 {[%clk 00:20:00]} {[%emt
00:00:28]} 29. Rd7 {[%clk 00:08:57]} {[%emt 00:00:15]} Qf8 {[%clk 00:20:22]}
{[%emt 00:00:08]} 30. Nd3 {[%clk 00:07:56]} {[%emt 00:01:31]} Bg7 {[%clk
00:20:40]} {[%emt 00:00:12]} 31. Bc5 {[%clk 00:08:19]} {[%emt 00:00:07]} 1-0

[Event "DVM U20 2021"]
[Site "Kiel GER"]
[Date "2022.07.25"]
[Round "5"]
[White "Fuhrmann, Åke"]
[Black "Klugstedt, Vincent"]
[Result "1-0"]
[Termination "normal"]
[Board "1.6"]
[WhiteElo "1942"]
[BlackElo "1877"]
[WhiteClock "01:01:10"]
[BlackClock "00:38:40"]
[WhiteTeam "Hamburger SK von 1830 eV"]
[BlackTeam "Schachgesellschaft Bochum 1931"]
[PlyCount "93"]
[WhiteFideId "12983853"]
[BlackFideId "16216393"]
[EventCountry "GER"]
[EventRounds "7"]
[EventType "team-swiss"]
[EventDate "2022.07.22"]

1. d4 {[%clk 01:30:35]} {[%emt 00:00:02]} Nf6 {[%clk 01:31:22]} 2. c4 {[%clk
01:30:51]} e6 {[%clk 01:31:46]} 3. g3 {[%clk 01:30:04]} d5 {[%clk 01:32:10]} 4.
Bg2 {[%clk 01:26:41]} c6 {[%clk 01:32:30]} 5. Nf3 {[%clk 01:26:17]} Bd6 {[%clk
01:32:50]} 6. O-O {[%clk 01:26:26]} O-O {[%clk 01:32:53]} 7. Nfd2 {[%clk
01:25:38]} e5 {[%clk 01:27:09]} 8. dxe5 {[%clk 01:25:58]} Bxe5 {[%clk
01:25:34]} 9. Nf3 {[%clk 01:25:11]} Qc7 {[%clk 01:22:24]} 10. cxd5 {[%clk
01:23:19]} cxd5 {[%clk 01:22:23]} 11. Nxe5 {[%clk 01:23:39]} Qxe5 {[%clk
01:22:30]} 12. Nc3 {[%clk 01:22:17]} d4 {[%clk 01:21:25]} 13. Bf4 {[%clk
01:21:28]} Qc5 {[%clk 01:09:25]} 14. Na4 {[%clk 01:18:54]} Qe7 {[%clk
01:06:38]} 15. Qxd4 {[%clk 01:16:18]} Qxe2 {[%clk 00:52:25]} 16. Bg5 {[%clk
01:14:52]} Nbd7 {[%clk 00:50:32]} 17. Rfe1 {[%clk 01:14:07]} Qb5 {[%clk
00:49:40]} 18. Bf4 {[%clk 01:10:37]} Nb6 {[%clk 00:45:38]} 19. Nc5 {[%clk
01:02:22]} Bf5 {[%clk 00:43:56]} 20. Nxb7 {[%clk 00:59:08]} Qc4 {[%clk
00:43:11]} 21. Qxc4 {[%clk 00:59:32]} Nxc4 {[%clk 00:43:35]} 22. Nd6 {[%clk
00:58:40]} Nxd6 {[%clk 00:43:58]} 23. Bxd6 {[%clk 00:58:32]} Be6 {[%clk
00:43:53]} 24. Bxf8 {[%clk 00:58:53]} Rxf8 {[%clk 00:42:59]} 25. b4 {[%clk
00:58:44]} Rb8 {[%clk 00:43:19]} 26. a3 {[%clk 00:58:35]} Kf8 {[%clk 00:43:31]}
27. Rac1 {[%clk 00:58:33]} Ne8 {[%clk 00:43:08]} 28. Rc5 {[%clk 00:58:28]} Rb6
{[%clk 00:38:24]} 29. Ra5 {[%clk 00:58:47]} a6 {[%clk 00:38:11]} 30. Bf1 {[%clk
00:58:34]} Bc8 {[%clk 00:35:46]} 31. b5 {[%clk 00:58:15]} axb5 {[%clk
00:33:38]} 32. Rxb5 {[%clk 00:58:17]} Rxb5 {[%clk 00:34:01]} 33. Bxb5 {[%clk
00:58:40]} Nd6 {[%clk 00:34:23]} 34. Bc6 {[%clk 00:58:38]} Be6 {[%clk
00:34:20]} 35. a4 {[%clk 00:58:51]} Ke7 {[%clk 00:34:39]} 36. Bd5 {[%clk
00:58:53]} Kd7 {[%clk 00:35:01]} 37. Bxe6+ {[%clk 00:59:18]} fxe6 {[%clk
00:35:13]} 38. Rd1 {[%clk 00:58:57]} Kc6 {[%clk 00:35:21]} 39. Rxd6+ {[%clk
00:59:18]} Kxd6 {[%clk 00:35:47]} 40. Kg2 {[%clk 00:59:26]} Kc5 {[%clk
00:36:12]} 41. Kf3 {[%clk 00:59:44]} Kb4 {[%clk 00:36:37]} 42. Ke4 {[%clk
00:59:57]} Kxa4 {[%clk 00:37:02]} 43. Ke5 {[%clk 01:00:10]} Kb4 {[%clk
00:37:28]} 44. Kxe6 {[%clk 01:00:33]} Kc4 {[%clk 00:37:54]} 45. Kf7 {[%clk
01:00:50]} Kd3 {[%clk 00:38:18]} 46. Kxg7 {[%clk 01:01:10]} Ke2 {[%clk
00:38:40]} 47. f4 1-0